Statistics for Paramore - Song Title Quiz 1

Click here to take the quiz!

General Stats

  • This quiz has been taken 18 times
  • The average score is 8 of 15

Answer Stats

HintAnswer% Correct
Whoa, I never meant to brag / But I got him where I want him nowmisery business
100%
Let 'em wonder how we got this far / 'Cause I don't really need to wonder at allstill into you
87%
How did we get here? / When I used to know you so well?decode
73%
Next time you point a finger / I'll point you to the mirrorplaying god
73%
Don't wanna hear your sad songs / I don't wanna feel your painignorance
67%
If I smile with my teeth / Bet you believe mefake happy
60%
I can't wait to memorize this day / Oh, a picture could not contain the way it feelscrave
47%
Baby, if I'm half the man I say I am / if I'm a woman with no fear just like I claim I amproof
47%
Because someday you're gonna be the only one you've gotanklebiters
40%
Nothing compares to a quiet evening alone / Just the one, two, I was just counting oncrush crush crush
40%
It's just a spark but it's enough to keep me going / And when it's dark out and no one's around it keeps glowinglast hope
40%
Sing us a song / And we'll sing it back to youmy heart
40%
Tell me where our time went / And if it was time well spentpressure
40%
Stop asking why / Why we had to waste so much timegrudges
27%
And the grass wasn't green enough here / After watering it with my tearsrenegade
13%

Score Distribution

Percentile by Number Answered

Percent of People with Each Score

Your Score History

You have not taken this quiz